Paper airplanes

Bibliographic Details
Main Author: Robinson, Nick
Other Authors: Kemp, David (illustrated)
Format: Book
Published: London : Grange Books , 1995
Subjects:

MARC

LEADER 00000cam a2200000 7i4500
001 0000009921
002 000010806
005 20000330.0
020 |a 1856278158 
090 0 0 |a 629.133134   |b ROB 
100 1 |a Robinson, Nick 
245 1 0 |a Paper airplanes   |c Nick Robinson ; illustrated by David Kemp 
260 |a London :   |b Grange Books ,   |c 1995 
300 |a 128p. :   |b ill. ;   |c 29cm. 
650 0 0 |a Handicraft 
700 1 |a Kemp, David ,   |e illustrated 
999 |a 048805   |b BUKU   |c PINJAMAN   |e PERPUSTAKAAN KOMUNITI PETALING JAYA 
999 |a 048901   |b BUKU   |c PINJAMAN   |e PERPUSTAKAAN KOMUNITI PETALING JAYA